Получение диопсидовых керамических пигментов с ипользованием талька и волластонита; Современные техника и технологии; Т. 2

Detalles Bibliográficos
Parent link:Современные техника и технологии: сборник трудов XV Международной научно-практической конференции студентов, аспирантов и молодых ученых, Томск, 4-8 мая 2009 г/ Национальный исследовательский Томский политехнический университет (ТПУ).— , 2009
Т. 2.— 2009.— [С. 72-73]
Autor principal: Лисеенко Н. В. Наталья Владимировна
Otros Autores: Седельникова М. Б. Мария Борисовна (научный руководитель), Погребенков В. М. Валерий Матвеевич
Sumario:Заглавие с титульного листа
Электронная версия печатной публикации
Lenguaje:ruso
Publicado: 2009
Materias:
Acceso en línea:http://www.lib.tpu.ru/fulltext/c/2009/C01/V2/035.pdf
Formato: MixedMaterials Electrónico Capítulo de libro
KOHA link:https://koha.lib.tpu.ru/cgi-bin/koha/opac-detail.pl?biblionumber=245265

MARC

LEADER 00000naa2a2200000 4500
001 245265
005 20260113141811.0
035 |a (RuTPU)RU\TPU\book\266671 
035 |a RU\TPU\book\266667 
090 |a 245265 
100 |a 20131107d2009 k y0rusy50 ca 
101 0 |a rus 
102 |a RU 
135 |a drnn ---uucaa 
181 0 |a i  
182 0 |a b 
200 1 |a Получение диопсидовых керамических пигментов с ипользованием талька и волластонита  |f Н. В. Лисеенко  |g науч. рук. М. Б. Седельникова ; науч. рук. В. М. Погребенков 
203 |a Текст  |c электронный 
215 |a 1 файл (575 Кб) 
300 |a Заглавие с титульного листа 
300 |a Электронная версия печатной публикации 
337 |a Adobe Reader 
461 0 |0 (RuTPU)RU\TPU\book\261117  |t Современные техника и технологии  |o сборник трудов XV Международной научно-практической конференции студентов, аспирантов и молодых ученых, Томск, 4-8 мая 2009 г  |o в 3 т.  |f Национальный исследовательский Томский политехнический университет (ТПУ)  |d 2009 
463 0 |0 (RuTPU)RU\TPU\book\266450  |t Т. 2  |v [С. 72-73]  |d 2009 
610 1 |a электронный ресурс 
610 1 |a труды учёных ТПУ 
610 1 |a пигменты 
610 1 |a керамические пигменты 
610 1 |a диопсидсодержащие материалы 
610 1 |a тальк 
610 1 |a волластонит 
610 1 |a реакции 
610 1 |a формулы 
700 1 |a Лисеенко  |b Н. В.  |c химик-технолог  |c аспирант Томского политехнического университета  |f 1984-  |g Наталья Владимировна  |3 (RuTPU)RU\TPU\pers\28571 
702 1 |a Седельникова  |b М. Б.  |c химик-технолог  |c профессор Томского политехнического университета, доктор технических наук  |f 1967-  |g Мария Борисовна  |3 (RuTPU)RU\TPU\pers\26201  |4 727 
702 1 |a Погребенков  |b В. М.  |c химик-технолог  |c профессор Томского политехнического университета, доктор технических наук  |f 1954-  |g Валерий Матвеевич  |3 (RuTPU)RU\TPU\pers\26404  |4 727 
801 1 |a RU  |b 63413507  |c 20130617 
801 2 |a RU  |b 63413507  |c 20181213  |g RCR 
856 4 |u http://www.lib.tpu.ru/fulltext/c/2009/C01/V2/035.pdf 
942 |c CF